Easy learning English conversation :Book 2

Na minha lista:
Detalhes bibliográficos
Autor principal: Collins
Formato: Livro
Idioma:English
Publicado em: Tổng hợp 2014
Assuntos:
Tags: Adicionar Tag
Sem tags, seja o primeiro a adicionar uma tag!
Thư viện lưu trữ: Mạng thư viện Đại học Đà Nẵng
LEADER 00946nam a2200313 a 4500
001 000002411
003 03726
005 20171229145311.0
008 171229s2014 eng
040 |a LSK 
041 0 |a ENG 
082 0 |a 428  |b COL 
100 1 |a Collins 
245 0 0 |a Easy learning English conversation :Book 2 
260 |b Tổng hợp  |c 2014 
300 |a 255 pages  |c 27 cm. 
653 |a Enlish language - Conversation 
852 |a Phòng Đọc 
901 |a 1 
927 |a Sách tham khảo 
OWN |a LSK 
AVA |a UDN50  |b LSK  |d 428 COL  |e available  |t Error 5001 Not defined in file expand_doc_bib_avail.  |f 1  |g 0  |h N  |i 0  |k 1 
999 |a From the UDN01 
AVA |a UDN50  |b LSK  |d 428 COL  |e available  |t Error 5001 Not defined in file expand_doc_bib_avail.  |f 1  |g 0  |h N  |i 0  |k 1 
TYP |a Monograph 
TYP |a Printed language 
980 |a Mạng thư viện Đại học Đà Nẵng